| 000 | 00531nam a2200169 a 4500 | ||
|---|---|---|---|
| 005 | 20140412111241.0 | ||
| 008 | 020416s19uu xx 00 eng d | ||
| 020 | _a0-517-03595-2 | ||
| 050 |
_aER _bOn1 1992 |
||
| 100 | _aMagner, Carolyn S. | ||
| 245 |
_aOn the farm : _ba pop-up book about animals / _cwritten by Carolyn S. Magner. |
||
| 260 |
_aNew Jersey : _bRandom House Company, _c1992. |
||
| 300 | _a1 v. (unp.) ; ill. | ||
| 440 | _aRaggedy Ann & Raggedy Andy Pop-up Series | ||
| 650 |
_aAnimals _xFiction |
||
| 999 |
_c102751 _d102751 |
||